LDR 00937naa#a2200181#i#450# 001 EN\\bibl\126796 005 20260701080325.3 011 ## _a1815-588X 100 ## _a20260630b2026####ek#y0engy0150####ca 102 ## _aRU 200 1# _aAnalysis of the Modern Regulatory Framework for the Design of Reinforced Concrete Bridges Considering Environmental Impact _eJournal article 210 1# _aSaint-Petersburg _cFSBEI HE "Emperor Alexander I St. Petersburg State Transport University" _d2026 215 ## _a9 с. 608 ## _aJournal article _2local 675 ## _aМосты в целом. Конструктивные элементы мостов. Общие вопросы. 624.21 _aСтроительство из монолитного бетона и железобетона. Бетонные и железобетонные работы. 693.5 _z 700 #1 _aSalihanov _gSaidhon Salihanovich 700 #1 _aKarapetov _gEduard Stepanovich 856 4# _aitt-pgups.ru _u